Архетипические образы сюжетов о морских девах в драме "Русалка" А.С. Пушкина и одноименной опере А.С. Даргомыжского (Запись № 10756973)

Подробности
000 -МАРКЕР
контрольное поле 03075nam0a2200457 i 4500
001 - ИДЕНТИФИКАТОР ЗАПИСИ
контрольное поле RU\NLR\BIBL_A\010942611
005 - ИДЕНТИФИКАТОР ВЕРСИИ
контрольное поле 20260406120504.0
010 ## - МЕЖДУНАРОДНЫЙ СТАНДАРТНЫЙ НОМЕР КНИГИ (ISBN)
Номер (ISBN) 9785806421723
Тираж 300
021 ## - НОМЕР ГОСУДАРСТВЕННОЙ РЕГИСТРАЦИИ
Код страны российская федерация
Номер 2015-94087
Номер Листа государственной регистраци 5818
035 ## - ДРУГИЕ СИСТЕМНЫЕ НОМЕРА
Идентификатор записи (NILC)RuMoRGB-008090083
035 ## - ДРУГИЕ СИСТЕМНЫЕ НОМЕРА
Идентификатор записи (NLR Aleph) 010942611
100 ## - ДАННЫЕ ОБЩЕЙ ОБРАБОТКИ
Данные общей обработки 20151222d2015 u y0rusy50 ca
101 0# - ЯЗЫК РЕСУРСА
Язык текста, звукозаписи и т.д. русский
102 ## - СТРАНА ПУБЛИКАЦИИ ИЛИ ПРОИЗВОДСТВА
Страна публикации российская федерация
105 ## - ПОЛЕ КОДИРОВАННЫХ ДАННЫХ: ТЕКСТОВЫЕ МАТЕРИАЛЫ, МОНОГРАФИЧЕСКИЕ
Кодированные данные о монографическом текстовом документе g|||j|||000yy
200 1# - ЗАГЛАВИЕ И СВЕДЕНИЯ ОБ ОТВЕТСТВЕННОСТИ
Основное заглавие Архетипические образы сюжетов о морских девах в драме "Русалка" А.С. Пушкина и одноименной опере А.С. Даргомыжского
Сведения, относящиеся к заглавию учебное пособие
Первые сведения об ответственности Н.И. Верба
Последующие сведения об ответственности Рос. гос. пед. ун-т им. А.И. Герцена
210 ## - ПУБЛИКАЦИЯ, РАСПРОСТРАНЕНИЕ И ДР.
Место издания, распространения и т.д. Санкт-Петербург
Имя издателя, распространителя и т. д. Изд-во РГПУ
Дата издания, распространения и т.д. 2015
215 ## - ФИЗИЧЕСКАЯ ХАРАКТЕРИСТИКА
Специфическое обозначение материала и объем 72 с.
Другие сведения о физической характеристике ноты
Размеры 20
320 ## - ПРИМЕЧАНИЯ О НАЛИЧИИ В ДОКУМЕНТЕ БИБЛИОГРАФИИ / УКАЗАТЕЛЯ
Текст примечания Библиогр. в конце разд. и в подстроч. примеч.
500 10 - УНИФИЦИРОВАННОЕ ЗАГЛАВИЕ
Связь между полями z92702
Унифицированное заглавие Русалка
600 #1 - ИМЯ ЛИЦА КАК ПРЕДМЕТ
Начальный элемент ввода Пушкин
Часть имени, кроме начального элемента ввода А.С.
Даты 1799 - 1837
Расширение инициалов личного имени Александр Сергеевич
Формальный подзаголовок Учебные издания для высших учебных заведений
Тематический подзаголовок и фольклор
Системный номер авторитетной/нормативной записи 1663424
Идентификатор авторитетной/нормативной записи RU\NLR\AUTH\66737186
600 #1 - ИМЯ ЛИЦА КАК ПРЕДМЕТ
Начальный элемент ввода Пушкин
Часть имени, кроме начального элемента ввода А.С.
Даты 1799 - 1837
Расширение инициалов личного имени Александр Сергеевич
Формальный подзаголовок Учебные издания для высших учебных заведений
Тематический подзаголовок и музыка
Системный номер авторитетной/нормативной записи 1660349
Идентификатор авторитетной/нормативной записи RU\NLR\AUTH\66735622
604 ## - ИМЯ И ЗАГЛАВИЕ КАК ПРЕДМЕТ
Связываемые данные 700#1$aПушкин$bА. С.$gАлександр Сергеевич$f1799 - 1837
-- 500##$a"Русалка"$xОбразы$jУчебные издания для высших учебных заведений$2nlr_sh2$3RU\NLR\AUTH\6601593309
Идентификатор авторитетной/нормативной записи RU\NLR\AUTH\6601593309
Имя лица Пушкин, Александр Сергеевич (1799 - 1837)
Заглавие "Русалка"
Тематический подзаголовок Образы
Формальный подзаголовок Учебные издания для высших учебных заведений
Системный номер авторитетной/нормативной записи 2277743
604 ## - ИМЯ И ЗАГЛАВИЕ КАК ПРЕДМЕТ
Связываемые данные 700#1$aДаргомыжский$bА.С.$f1813 - 1869
-- 500##$a"Русалка"$2nlr_sh1$2nlr_sh2$3RU\NLR\AUTH\66341901$gАлександр Сергеевич
Имя лица Даргомыжский, А.С. (1813 - 1869)
Заглавие "Русалка"
Системный номер авторитетной/нормативной записи 929371
Идентификатор авторитетной/нормативной записи RU\NLR\AUTH\66341901
686 2# - ИНДЕКСЫ ДРУГИХ КЛАССИФИКАЦИЙ
Индекс Ш5(2=Р)51-4Пушкин536
686 2# - ИНДЕКСЫ ДРУГИХ КЛАССИФИКАЦИЙ
Индекс Ш5(2=Р)51-4Пушкин412
686 2# - ИНДЕКСЫ ДРУГИХ КЛАССИФИКАЦИЙ
Индекс Ш5(2=Р)51-4Пушкин86
686 ## - ИНДЕКСЫ ДРУГИХ КЛАССИФИКАЦИЙ
Индекс Щ313(2Р=Рус)51-81Даргомыжский447.41"Русалка"
700 #1 - ИМЯ ЛИЦА - ПЕРВИЧНАЯ ОТВЕТСТВЕННОСТЬ
Начальный элемент ввода Верба
Часть имени, кроме начального элемента ввода Н. И.
Расширение инициалов личного имени Наталья Ивановна
702 #1 - ИМЯ ЛИЦА - ВТОРИЧНАЯ ОТВЕТСТВЕННОСТЬ
Материалы, к которым относится поле rus
Графика поля Кириллица
Начальный элемент ввода Пушкин
Часть имени, кроме начального элемента ввода А. С.
Дополнения к именам, кроме дат поэт
Даты 1799-1837
Расширение инициалов личного имени Александр Сергеевич
Идентификатор авторитетной/нормативной записи RU\NLR\AUTH\77386
Системный номер авторитетной/нормативной записи 110441
702 #1 - ИМЯ ЛИЦА - ВТОРИЧНАЯ ОТВЕТСТВЕННОСТЬ
Код отношения Композитор
Материалы, к которым относится поле rus
Графика поля Кириллица
Начальный элемент ввода Даргомыжский
Часть имени, кроме начального элемента ввода А. С.
Даты 1813-1869
Расширение инициалов личного имени Александр Сергеевич
Идентификатор авторитетной/нормативной записи RU\NLR\AUTH\7752996
Системный номер авторитетной/нормативной записи 35929
801 #0 - ИСТОЧНИК ЗАПИСИ
Страна российская федерация
Организация РГБ
Дата составления 20151208
Правила каталогизации RCR
801 #1 - ИСТОЧНИК ЗАПИСИ
Страна российская федерация
Организация РГБ
Дата составления 20151208
Источник данных rusmarc
942 ## - ДОПОЛНИТЕЛЬНЫЕ ЭЛЕМЕНТЫ ЗАПИСИ (АБИС)
Тип экземпляра АБИС Книга
980 ## - КОЛЛЕКЦИЯ
Название коллекции НБР

Нет доступных экземпляров.